000 00943cam a2200301 i 4500
001 200454039
999 _c200454039
_d72251
003 TR-AnTOB
005 20240810073813.0
007 ta
008 230907s2015 tu d 001 0 tur d
020 _a9786056515842
040 _aTR-AnTOB
_beng
_erda
_cTR-AnTOB
041 0 _atur
050 4 _aJS6953.A2
_bA636 2015
090 _aJS6953.A2
_bA636 2015
100 1 _aApan, Ahmet
_eauthor
_9130063
245 1 0 _aTürkiye’de mülki idare :
_btarihsel gelişim ve işlevsel dönüşüm /
_cYazar Ahmet Apan.
264 1 _aAnkara :
_bTİAV Vakfı Yayınları,
_c2015.
300 _axii, 378 pages :
_btables ;
_c24 cm
336 _atext
_btxt
_2rdacontent
337 _aunmediated
_bn
_2rdamedia
338 _avolume
_bnc
_2rdacarrier
504 _aBIBINDX
650 7 _aKamu yönetimi
_zTürkiye
_2etuturkob
_99440
650 7 _aYerel yönetim
_zTürkiye
_2etuturkob
_983252
942 _2lcc
_cBK